| 000 | 00439cam a2200181 4500 | ||
|---|---|---|---|
| 008 | 090401t1989 xxu||||| |||| 00| 0 eng d | ||
| 020 | _a1851900691 | ||
| 035 | _a(Sirsi) u25470 | ||
| 041 | _aeng | ||
| 050 | _a306.026 | ||
| 100 | _aDriscoll, James | ||
| 245 | 2 | _aA guide to the Housing Act 1988 | |
| 260 |
_aLondon _bFourmat Publishing _c1989 |
||
| 300 | _axvi,454p. ; 24cm. | ||
| 350 | _a27.5 | ||
| 942 | _n0 | ||
| 948 | _c04/03/1997 | ||
| 999 |
_c88745 _d88745 |
||